| 000 | 01207nas a2200385 4500 | ||
|---|---|---|---|
| 001 | BR2013003465 | ||
| 003 | BR-BrBNA | ||
| 005 | 20231205122259.0 | ||
| 007 | ta | ||
| 008 | 230509b bl.|||p| |||| 00| 00por d | ||
| 040 |
_aBR-BrBNA _bpor _cBiblioteca Nacional de Agricultura |
||
| 041 | _a(Pt) | ||
| 072 | _aL51; L02 | ||
| 100 | 1 | _aWesendonck, W.R. | |
| 100 | 1 | _aOliveira, V. | |
| 100 | 1 | _aGewehr, C.E. | |
| 100 | 1 | _aSilva, Y.L. | |
| 100 | 1 | _aBordignon, L.A.F. | |
| 100 | 1 | _a | |
| 100 | 1 | _a | |
| 245 | 1 | _aComposição química e valores energéticos de alimentos alternativos para leitões | |
| 246 | 1 | _aChemical composition and energetic values of alternative feedstuffs for piglets | |
| 650 | _aLEITÃO | ||
| 650 | _aNUTRIÇÃO ANIMAL | ||
| 650 | _aDOCE | ||
| 650 | _aCHOCOLATE | ||
| 650 | _aBISCOITO | ||
| 650 | _aDIGESTIBILIDADE | ||
| 650 | _aVALOR CALÓRICO | ||
| 650 | _aVALOR NUTRITIVO | ||
| 773 | 0 |
_tArquivo Brasileiro de Medicina Veterinária e Zootecnia (Brazil) _xISSN 0102-0935 _g(Feb 2013), v. 65(1) p. 198-202 _wBR2013003465 |
|
| 856 | 4 | 0 | _uhttp://www.scielo.br/pdf/abmvz/v65n1/a29v65n1.pdf |
| 909 |
_a202311 _bLúcia _c55 _dLúcia Elande |
||
| 942 |
_2AGRIS _n0 _cANA |
||
| 999 |
_c227847 _d227847 |
||